000 00396 a2200145 4500
999 _c303
_d303
008 221102b ||||| |||| 00| 0 eng d
020 _a9781908833617
082 0 0 _a387.5
_bI17
100 _aHyldager, Claus
245 _aLogistics and multimodal transport /
260 _aLondon:
_bInstitute of Chartered Shipbroker,
_c2015.
300 _ax, 360 p.
650 0 _aContainerization
942 _2ddc
_cBK